Planes de reconstrucción y prevención de desastres
Guardado en:
| Formato: | Texto |
|---|---|
| Materias: | |
| Etiquetas: |
Agregar Etiqueta
Sin Etiquetas, Sea el primero en etiquetar este registro!
|
MARC
| LEADER | 00000 a a2200000 04500 | ||
|---|---|---|---|
| 001 | 6282 | ||
| 003 | |||
| 040 | |||
| 245 | |a Planes de reconstrucción y prevención de desastres | ||
| 650 | |a DESASTRES NATURALES | ||
| 650 | |a PREVENCION DE DESASTRES | ||
| 650 | |a ELABORACION DE POLITICAS | ||
| 773 | |g volumen 19, número 854; páginas 7-9 | ||
| 999 | |c 28837 |d 28837 | ||
